| 000 | 00548nam a22001697a 4500 | ||
|---|---|---|---|
| 005 | 20231116135018.0 | ||
| 008 | 231116b |||||||| |||| 00| 0 eng d | ||
| 020 | _a0409045691 | ||
| 041 | _aEnglish | ||
| 082 | _a343.7 VAN | ||
| 100 |
_aVan Heerden, HJO and Neethling, J _lEnglish |
||
| 245 |
_aUnlawful Competition / _cHJO Van Heerden and J Neethling |
||
| 260 |
_aDurban : _bButterworth Publishers (Pty) Ltd, _c1995 |
||
| 300 |
_bxi, 377 pages ; _c25 cm. |
||
| 650 |
_aLegal practice _bLaw |
||
| 942 |
_cBK _6ALISON_BN_VRIES |
||
| 999 |
_c737 _d737 |
||